Most Gay-Friendly Cities - Statistics

General Stats
  • This quiz has been taken 86 times
  • The average score is 14 of 15
Answer Stats
Country Answer % Correct
Netherlands Amsterdam
100%
Germany Berlin
100%
UK London
100%
Spain Madrid
98%
USA New York City
98%
Australia Sydney
98%
Canada Toronto
97%
Spain Barcelona
95%
USA Los Angeles
95%
Denmark Copenhagen
94%
Canada Vancouver
94%
Canada Montreal
91%
USA San Francisco
91%
Australia Melbourne
86%
UK Brighton
38%
No matching quizzes found
Score Distribution
Percent of People with Each Score
Percentile by Number Answered
Your Score History
You have not taken this quiz